Colombia, una nación a pesar de sí misma : (Registro nro. 7114)
[ vista simple ]
| 000 -LEADER | |
|---|---|
| fixed length control field | 02023cam a2200337 a 4500 |
| 003 - CONTROL NUMBER IDENTIFIER | |
| control field | OSt |
| 005 - DATE AND TIME OF LATEST TRANSACTION | |
| control field | 20210205144731.0 |
| 008 - FIXED-LENGTH DATA ELEMENTS--GENERAL INFORMATION | |
| fixed length control field | 090518t 2007ck r 000 0 spa d |
| 020 ## - INTERNATIONAL STANDARD BOOK NUMBER | |
| International Standard Book Number | 9584217291 |
| 020 ## - INTERNATIONAL STANDARD BOOK NUMBER | |
| International Standard Book Number | 9789584217295 |
| 040 ## - CATALOGING SOURCE | |
| Original cataloging agency | CO-BoPUJ |
| Transcribing agency | CO-JMCR |
| 041 1# - LANGUAGE CODE | |
| Language code of text/sound track or separate title | spa |
| Language code of original | eng |
| 082 04 - DEWEY DECIMAL CLASSIFICATION NUMBER | |
| Classification number | 986.1 |
| Item number | B979c |
| Edition number | 23 |
| 100 1# - MAIN ENTRY--PERSONAL NAME | |
| Personal name | Bushnell, David, |
| Relator term | autor |
| 9 (RLIN) | 13068 |
| 240 10 - UNIFORM TITLE | |
| Uniform title | Making of modern Colombia : a nation in spite of itself |
| Language of a work | Español |
| 245 10 - TITLE STATEMENT | |
| Title | Colombia, una nación a pesar de sí misma : |
| Remainder of title | nuestra historia desde los tiempos precolombinos hasta hoy / |
| Statement of responsibility, etc. | David Bushnell ; traducción Claudia Montilla V. |
| 250 ## - EDITION STATEMENT | |
| Edition statement | 15ª. edición. |
| 260 ## - PUBLICATION, DISTRIBUTION, ETC. | |
| Place of publication, distribution, etc. | Bogotá : |
| Name of publisher, distributor, etc. | Editorial Planeta Colombiana, |
| Date of publication, distribution, etc. | ©2007. |
| 300 ## - PHYSICAL DESCRIPTION | |
| Extent | 485 páginas ; |
| Dimensions | 24 cm. |
| 504 ## - BIBLIOGRAPHY, ETC. NOTE | |
| Bibliography, etc. note | Incluye referencias bibliográficas (páginas 457-485). |
| 505 ## - FORMATTED CONTENTS NOTE | |
| Formatted contents note | Indígenas y españoles -- Rompimiento de lazos con España (1791-1819) -- El experimento gran colombiano (1819-1830) -- La nueva granada independiente -- La revolución liberal del siglo XIX (1849-1885) -- La regeneración y su escuela: una reacción -- La nueva era de la paz y café (1904-1930) -- La república liberal (1930-1946) -- La era de la violencia (1946-1957) -- El frente nacional: logros y fracasos (1958-1978) -- Una economía que va bien, el país no tanto (1978-1990) -- La etapa más reciente: Constitución, apertura, conflicto ( 1991-) -- Se abre paso una nueva sociedad |
| 534 ## - ORIGINAL VERSION NOTE | |
| Title statement of original | Making of modern Colombia : a nation in spite of itself. |
| 650 24 - SUBJECT ADDED ENTRY--TOPICAL TERM | |
| Topical term or geographic name entry element | Colombia |
| General subdivision | Colonia |
| Form subdivision | Historia |
| Chronological subdivision | 1550-1810. |
| 9 (RLIN) | 13069 |
| 650 24 - SUBJECT ADDED ENTRY--TOPICAL TERM | |
| Topical term or geographic name entry element | Colombia |
| General subdivision | Independencia |
| Form subdivision | Historia |
| Chronological subdivision | 1810-1819. |
| 9 (RLIN) | 13070 |
| 651 24 - SUBJECT ADDED ENTRY--GEOGRAPHIC NAME | |
| Geographic name | Colombia |
| General subdivision | Historia |
| 9 (RLIN) | 8795 |
| 700 1# - ADDED ENTRY--PERSONAL NAME | |
| Personal name | Montilla V., Claudia, |
| Relator term | traductora |
| 9 (RLIN) | 13071 |
| 942 ## - ADDED ENTRY ELEMENTS (KOHA) | |
| Source of classification or shelving scheme | Dewey Decimal Classification |
| Koha item type | Books |
| Withdrawn status | Lost status | Source of classification or shelving scheme | Damaged status | Not for loan | Home library | Current library | Shelving location | Date acquired | Source of acquisition | Total Checkouts | Full call number | Barcode | Date last seen | Date last checked out | Copy number | Price effective from | Koha item type | Public note |
|---|---|---|---|---|---|---|---|---|---|---|---|---|---|---|---|---|---|---|
| Dewey Decimal Classification | Biblioteca Pública José María del Castillo y Rada | Biblioteca Pública José María del Castillo y Rada | General Stacks | 10/02/2020 | Donación | 4 | 986.1 / B979c | 201810488 | 04/14/2026 | 04/14/2026 | Ej.1 | 10/02/2020 | Books | Nota: María Daniela de la Rosa C. |